"Lolita" - All Lyrics (Lana Del Rey) - Statistics

General Stats
  • This quiz has been taken 23 times
  • The average score is 317 of 401
Answer Stats
Lyrics % Correct
a
100%
A
100%
I
100%
I,
100%
L
100%
Lolita,
100%
O
100%
baby
93%
be
93%
D
93%
(D
93%
do
93%
K
93%
K,
93%
know?
93%
know
93%
my
93%
P
93%
(P
93%
R
93%
the
93%
to
93%
Would
93%
you
93%
you,
93%
You
93%
all
87%
boys
87%
Could
87%
could
87%
E
87%
have
87%
Hey,
87%
hey,
87%
hey
87%
in
87%
it
87%
it,
87%
like
87%
want,
87%
want
87%
way)
87%
what
87%
What
87%
when
87%
and
80%
And
80%
Cause
80%
got
80%
Kiss
80%
let
80%
(Let
80%
lot,
80%
love
80%
me
80%
me,
80%
mine?
80%
say)
80%
say
80%
sun
80%
them
80%
tonight?
80%
tonight
80%
V
80%
wanna
80%
your
80%
dark
73%
fall
73%
fun
73%
gonna
73%
I'm
73%
It's
73%
it's
73%
make
73%
No
73%
not
73%
oh,
73%
park
73%
play
73%
that
73%
they
73%
with
73%
adore,
67%
but
67%
cake,
67%
can't
67%
dominoes
67%
Don't
67%
don't
67%
down
67%
downtown
67%
dress,
67%
eat
67%
everything
67%
goes
67%
Just
67%
kissin'
67%
quite
67%
sunshine
67%
too
67%
about
60%
even
60%
feelin'
60%
heat
60%
lips
60%
mess
60%
more
60%
Romeo
60%
skippin'
60%
yours,
60%
anyone
53%
Because
53%
bright
53%
fruit
53%
happy,
53%
high
53%
listen
53%
never
53%
at
47%
believe
47%
care
47%
from
47%
hair
47%
long
47%
Look
47%
punch
47%
short
47%
so
47%
stay
47%
bare
40%
feet,
40%
rope,
40%
though
40%
thought,
40%
God,
33%
heartbeats
33%
second
33%
Shinin'
33%
stories
33%
Whistle
33%
suntan,
27%
Topple
27%
bought,
13%
sky
13%
forty
7%
No matching quizzes found
Score Distribution
Percent of People with Each Score
Percentile by Number Answered
Your Score History
You have not taken this quiz